Inscriptiones latinae: liberae rei publicae

Kaydedildi:
Detaylı Bibliyografya
Yazar: Degrassi, Attilio (Yazar)
Materyal Türü: Kitap
Dil:İtalyanca
Baskı/Yayın Bilgisi: Florencia Nuova Italia 1965
Edisyon:2a. ed
Seri Bilgileri:Biblioteca Di Studi Superiori, 23
Konular:
Etiketler: Etiketle
Etiket eklenmemiş, İlk siz ekleyin!

MARC

LEADER 00000nam a2200000 a 4500
001 UCP9376
003 CL-VaPUC
008 000324e19650000IT |||||||||||||||||ita|d
082 0 4 |a 411.7  |b DEG  |2 21 
100 0 |a Degrassi, Attilio  |e author  |9 439906 
245 1 0 |a Inscriptiones latinae: liberae rei publicae 
250 |a 2a. ed 
300 |a 2 v 
942 |c BK 
945 |d 20000324 00:00:00  |a rherrera 
260 |a Florencia  |b Nuova Italia  |c 1965 
650 0 |a Paleografía   |9 264942 
650 7 |a EPIGRAFIA  |2 CL-VaPUC  |9 340320 
650 0 |a Escritura  |9 264941 
650 0 |a Lengua latina  |9 347368 
650 0 |a Escritura  |9 264941 
650 0 |a Historia  |9 255047 
650 0 |a Escrituras antiguas  |9 340321 
650 7 |a ESCRITURA MANUSCRITA  |2 CL-VaPUC  |9 336432 
650 7 |a ESCRITURA CUNEIFORME  |2 CL-VaPUC  |9 340322 
583 |a last modification  |c 20000324 00:00:00  |k Rodrigo Vera 
490 0 |a Biblioteca Di Studi Superiori, 23 
999 |c 286192  |d 286190 
952 |0 0  |1 0  |4 0  |6 411_700000000000000_DEG_1965  |7 0  |8 A  |9 331684  |a BIBHIS  |b BIBHIS  |d 2019-11-20  |h v.1  |i 1389106  |o 411.7 DEG 1965  |p 1389106  |r 2023-01-25  |w 2019-11-20  |y BK  |k HIS